000 00836nam a2200217Ia 4500
999 _c39537
_d39537
001 6135
003 GE_BSU
005 20190927110626.0
008 181216s1974||||ge |||||||||||||| ||geo||
040 _cGE_BSU
041 _ageo
080 _a821.353.1-32 ა-97
100 _aახვლედიანი, ვახტანგ
_91311
245 _aიდუმალების ძაფი :
_bმოთხრობა /
_cვახტანგ ახვლედიანი ; რედ. შ. ზოიძე.
264 _aბათუმი :
_bსაბჭოთა აჭარა ;
_c1974.
300 _a160 გვ. ;
_c17 სმ.
653 _aიდუმალების ძაფი
653 _aმოთხრობა
700 _aზოიძე, შ.
_eრედაქტორი
_92577
942 _cBK
_2udc